Hospodárska úprava lesov /

Hlavní autor: Žíhlavník, Anton, 1946-
Jazyk: Slovenština
Vydáno: Zvolen : Ústav pre výchovu a vzdelávanie pracovníkov lesného a vodného hospodárstva SR, 2000
Vydání: Vyd. 1.
Edice: Príručka odborného lesného hospodárstva
Témata:
Fyzický popis: 220 s. : mapy ; 21 cm
Knihy
Uloženo v:
LEADER 01096nam a2200313 a 4500
001 000560431
003 CZ BrMZK
005 20110505114800.0
007 ta
008 000115s2000 xo e f slo d
020 |a 80-88677-66-1 
040 |a BOA001  |b cze 
072 7 |a 630  |x Lesnictví  |2 Konspekt  |9 24 
080 |a 630  |2 MRF 
080 |a (035)  |2 MRF 
100 1 |a Žíhlavník, Anton,  |d 1946-  |7 mzk2004246372 
245 1 0 |a Hospodárska úprava lesov /  |c Anton Žíhlavník 
250 |a Vyd. 1. 
260 |a Zvolen :  |b Ústav pre výchovu a vzdelávanie pracovníkov lesného a vodného hospodárstva SR,  |c 2000 
300 |a 220 s. :  |b mapy ;  |c 21 cm 
490 1 |a Príručka odborného lesného hospodárstva 
500 |a Bibliogr. 
541 |a Bratislava, Univerzitná knižnica 
650 0 7 |a lesní hospodářství  |7 ph115114  |2 czenas 
655 7 |a příručky  |7 fd133209  |2 czenas 
830 0 |a Príručka odborného lesného hospodárstva 
910 |a BOA001  |b 2-1085.193 
990 |a BK 
996 6 |b 2610134545  |c 2-1085.193  |l MZK  |r STM 6p  |n 2  |p vým  |h 630 ŽÍH  |w 000560431  |u 000010  |a 0  |e BOA001  |j MZK50  |s P